000 00351pab a2200145 454500
008 180718b2006 xxu||||| |||| 00| 0 eng d
100 _aJoshi, P.C.
245 _aThe Nehru legacy: a self-critical communist evaluation
260 _c2006
300 _ap.9-15.
362 _a27 Mar
650 _aJoshi, P.C.
773 _aMainstream
909 _a69821
999 _c69821
_d69821